Who wrote that Classic Book? - Statistics

General Stats
  • This quiz has been taken 103 times
  • The average score is 6 of 8
Answer Stats
Book Author % Correct
1984 George Orwell
92%
Pride and Prejudice Jane Austen
92%
Wuthering Heights Charlotte Bronte
82%
The Great Gatsby F. Scott Fitzgerald
81%
To Kill a Mockingbird Harper Lee
79%
Great Expectations Charles Dickens
76%
The Picture of Dorian Gray Oscar Wilde
66%
Little Women Louisa May Alcott
59%
No matching quizzes found
Score Distribution
Percent of People with Each Score
Percentile by Number Answered
Your Score History
You have not taken this quiz